000 00296nam a22001337a 4500
003 NUST
005 20251009160802.0
082 _a641.31.ADM
245 _aNutritive Value of Foods /
260 _aUSA
_bWashington
_c1981
300 _a33 p
650 _aNutritive Foods
_9131068
942 _2ddc
_cBK
999 _c615139
_d615139